000 01199nam0a2200313 4500
001 RU\NLR\bibl\1806778
005 20260406135305.0
010 _a978-5-389-02541-7
_95000
021 _aRU
_b2011-58913
_94160
035 _a(NLR Aleph) 001797418
090 _a1785870
_c1785870
100 _a20110907d2011 |||y0rusy50 ca
101 1 _arus
_cger
102 _aRU
105 _ay |||||||||
200 1 _aОстроумие и его отношение к бессознательному
_fЗигмунд Фрейд
_g[пер. с нем. Рудольфа Додельцева]
210 _aСанкт-Петербург
_cАзбука
_cАзбука-Аттикус
_d2011
215 _a283, [2] с.
_d18
225 1 _aАзбука-классика
606 1 _aОстроумие
_xПсихоанализ
_92135849
_3RU\NLR\auth\661287935
606 1 _aПсихоанализ
_yАвстрия
_92241882
_3RU\NLR\auth\661345210
686 _aЮ91(4А)6-736.1
700 1 _4070
_7ca
_8rus
_aФрейд
_bЗ.
_f1856-1939
_gЗигмунд
_9112631
_3RU\NLR\auth\772621
801 0 _aRU
_bNLR
_c20110907
_gRCR
801 1 _aRU
_bNLR
_c20110907
942 _cBOOK
980 _aNB
980 _aNBR